Pedro el Valiente /
Colección de cinco volúmenes que abordan diversos aspectos de las necesidades y derechos de los niños víctimas o testigos dentro de un proceso penal, siempre acordes con los derechos de la infancia. La obra consiste en: V. 1. El niño víctima del delito: fundamentos y orientaciones para una reforma p...
Uloženo v:
| Hlavní autor: | |
|---|---|
| Další autoři: | , |
| Médium: | Kniha |
| Jazyk: | španělština |
| Edice: | (El Niño Víctima del Delito frente al Proceso Penal ;
5) |
| Témata: | |
| Tagy: |
Žádné tagy, Buďte první, kdo vytvoří štítek k tomuto záznamu!
|
MARC
| LEADER | 00000nam^a2200000^a^4500 | ||
|---|---|---|---|
| 001 | 000318605 | ||
| 005 | 20250625000000.0 | ||
| 009 | 20260310113416.973 | ||
| 037 | |a Acervo ITESO - Biblioteca | ||
| 041 | |a ESP | ||
| 082 | |a 364. 150972 |b NIÑ V. 5 | ||
| 100 | |a Castañer Poblete, Analía |e (autor) | ||
| 245 | 1 | 0 | |a Pedro el Valiente / |c A. Castañer M. Griesbach Guizar ; introd. de A.L. Magaloni. |
| 264 | |a México : |b Secretaría de Seguridad Pública, Dirección General de Derechos Humanos : |b Oficina de Defensoría de los Derechos de la Infancia, |c 2009 | ||
| 300 | |a 23 p. | ||
| 336 | |a texto |b txt |2 rdacontenido | ||
| 337 | |a sin mediación |b n |2 rdamedio | ||
| 338 | |a volumen |b nc |2 rdasoporte | ||
| 440 | 4 | |a (El Niño Víctima del Delito frente al Proceso Penal ; |v 5) | |
| 520 | |a Colección de cinco volúmenes que abordan diversos aspectos de las necesidades y derechos de los niños víctimas o testigos dentro de un proceso penal, siempre acordes con los derechos de la infancia. La obra consiste en: V. 1. El niño víctima del delito: fundamentos y orientaciones para una reforma procesal penal; V. 2. Modelo especializado para la toma de declaraciones infantiles: ¿cómo obtener información sin revictimizar al niño?; V.3. La denuncia como elemento terapéutico para el niño víctima del delito; V. 4. Acciones para evitar la revictimización del niño víctima del delito: manual para acompañar a niños a través de un proceso judicial; V. 5. Pedro el valiente (cuentos para ayudar al niño víctima del delito). | ||
| 649 | |a XX | ||
| 650 | |a Niños - |z México - |x Condiciones Jurídicas - |x Tema Principal | ||
| 650 | |a Víctimas - |z México - |x Condiciones Jurídicas - |x Tema Principal | ||
| 650 | |a Abuso Sexual Infantil - |z México | ||
| 650 | |a Cuentos Infantiles | ||
| 650 | |a Derechos Humanos - |z México | ||
| 650 | |a Derecho Procesal Penal - |z México | ||
| 650 | |a Derecho Penal - |z México | ||
| 650 | |a Derecho Público - |z México | ||
| 700 | |a Griesbach Guizar, Margarita |e (autor) | ||
| 700 | |a Magaloni, Ana Laura |e (introducción) | ||
| 910 | |a Fondo General | ||
| 920 | |a Impresos - Libros | ||
| 930 | |a Colección General | ||
| 905 | |a 101 | ||
| 901 | |a 0500205658 |b IT1 |c ACC |d DT |i D57213 |u 20250625 | ||
| 902 | |a https://opac.biblio.iteso.mx/vufind/Record/000318605 | ||